| 000 | 00677nam a22001937a 4500 | ||
|---|---|---|---|
| 003 | AR-RoUNCS | ||
| 005 | 20250925084609.0 | ||
| 008 | 250925t1983 sp |||||r|||| 001 0 spa d | ||
| 020 | _a970-607-024-9 | ||
| 040 |
_cAR-RoUNCS _aAR-RoUNCS |
||
| 080 | _0(038)=111 | ||
| 245 | 0 | 0 |
_aLarousse : _bdiccionario moderno : español-inglés / _cdirigido y relaizado por Ramón Garcia-Pelayo y Gross ; con la colaboración de Micheline Durand ... [et al.]. |
| 250 | _a1a ed., 20a reimp. | ||
| 260 |
_aBarcelona : _bEdiciones Larousse, _cc1983. |
||
| 300 |
_a499 p. ; _c24 cm. |
||
| 650 | 4 |
_aINGLÉS _xESPAÑOL _vDICCIONARIOS |
|
| 700 | 1 | _aGarcía Pelayo y Gross, Ramón. | |
| 942 |
_2udc _cOG _n0 |
||
| 999 |
_c610 _d610 |
||